00450nam a2200181 a 4500001001300000003000900013005001700022008004100039020001000080082001700090100001700107245002600124260004100150300000900191500003500200650001600235700001700251nice12345678IN_TiNIC20260116014814.0130920s2012 dela grp 000 0 urd  ac80000a891.41bRAF1 aRafi, Ashraf aSharah Diwan-E-ghalib aDelhi bEducational Pub.House c2012 a600  aincludes index and biblioraphy aUrdu-Poetry1 aRafi, Ashraf